Alvar Aalto (Record no. 17543)

MARC details
000 -LEADER
campo de control de longitud fija 00679nam a2200229 i 4500
001 - NÚMERO DE CONTROL
campo de control 17543
003 - IDENTIFICADOR DE NÚMERO DE CONTROL
campo de control ES-MaACL
005 - FECHA Y HORA DE LA ÚLTIMA TRANSACCIÓN
campo de control 20250809051611.0
007 - CAMPO FIJO DE DESCRIPCIÓN FÍSICA--INFORMACIÓN GENERAL
campo de control de longitud fija t|
008 - DATOS DE LONGITUD FIJA--INFORMACIÓN GENERAL
campo de control de longitud fija 010403s1999 sp ||||1| spa d
020 ## - NÚMERO INTERNACIONAL ESTÁNDAR DEL LIBRO
Número Internacional Estándar del Libro 84-460-0869-6
080 ## - NÚMERO DE LA CLASIFICACIÓN DECIMAL UNIVERSAL
Número de la Clasificación Decimal Universal 72 Aalto, Alvar
100 1# - ENTRADA PRINCIPAL--NOMBRE DE PERSONA
Nombre de persona Capitel, Antón.
9 (RLIN) 34855
245 10 - MENCIÓN DEL TÍTULO
Título Alvar Aalto
Resto del título : proyecto y método /
Mención de responsabilidad, etc. Antón Capitel.
260 ## - PUBLICACIÓN, DISTRIBUCIÓN, ETC.
Lugar de publicación, distribución, etc. Tres Cantos (Madrid) :
Nombre del editor, distribuidor, etc. Akal,
Fecha de publicación, distribución, etc. [1999]
300 ## - DESCRIPCIÓN FÍSICA
Extensión 197 p. :
Otras características físicas il. ;
Dimensiones 24 cm.
490 1# - MENCIÓN DE SERIE
Mención de serie Akal arquitectura ;
Designación de volumen o secuencia 18
600 14 - PUNTO DE ACCESO ADICIONAL DE MATERIA--NOMBRE DE PERSONA
Nombre de persona Aalto, Alvar,
Fechas asociadas al nombre 1898-1976
9 (RLIN) 226335
830 00 - PUNTO DE ACCESO ADICIONAL DE SERIE-TÍTULO UNIFORME
Título uniforme Akal.
Nombre de parte o sección de la obra Arquitectura
Designación de volumen o secuencia 18
9 (RLIN) 180411
852 ## - LOCALIZACIÓN
Ubicación ES-MaACL
Número de control de estantería L-24527
Sublocalización o colección R.129523
Holdings
Estatus retirado Estado de pérdida Estado de daño No para préstamo Biblioteca de origen Biblioteca actual Ubicación en estantería Fecha de adquisición Fuente de adquisición Total de préstamos Signatura topográfica completa Código de barras Visto por última vez Precio de reemplazo Tipo de ítem Koha
        Biblioteca del Ateneo de Madrid Biblioteca del Ateneo de Madrid Depósito 2 17/01/2008     L-24527 1017898 23/02/2023 23/02/2023 Libro impreso